Kirk's Eulogy for Spock Quiz Stats

Quiz Updated Feb 27, 2015

Also try: Star Trek Intro
Challenge
Share
Tweet
Embed
Score 0/100 Timer 05:00
0 Plays Today
% Correct
I
91.2%
I
91.2%
a
90.8%
a
90.8%
a
90.8%
the
90.4%
the
90.4%
the
90.4%
the
90.4%
the
90.4%
He
77.3%
of
74.1%
of
74.1%
Of
74.1%
of
74.1%
of
74.1%
was
72.6%
to
72.1%
to
72.1%
to
72.1%
We
71.3%
we
71.3%
friend,
70.5%
in
68%
in
68%
in
68%
my
67.3%
my
67.3%
all
64%
are
63.8%
his
62.2%
his
62.2%
his
62.2%
be
61%
% Correct
have
60.9%
human.
60.4%
here
58.9%
most...
58.5%
can
57.1%
say
54.6%
And
54%
and
54%
and
54%
life,
53.6%
life
53.6%
assembled
53.4%
today
52.6%
our
51%
our
51%
our
51%
this
50.8%
this
50.8%
this:
50.8%
that
46.1%
that
46.1%
only
45.9%
will
44.6%
not
43.7%
not
43.7%
souls
43.2%
travels,
41.9%
encountered
41.6%
it
40.8%
pay
37.6%
respects
36.5%
world;
36%
world
36%
gave
32.9%
% Correct
one,
31%
death
30.9%
new
30%
new
30%
dead.
29.9%
or
28.6%
did
28.2%
at
27.8%
final
27.8%
comrade
26.3%
sacrifice
25.4%
should
24.3%
honored
24%
protect
22.8%
shadow
20.6%
these
19.9%
vain
19.1%
beloved
18.9%
sorrow
17.3%
feel
17.3%
midst
17%
wisdom
16.2%
place
16%
yet
15.7%
noted
15.5%
debate
15.5%
takes
14%
proceedings.
13.9%
empty
13.9%
profound
13.8%
sunrise
13.1%
nourish.
12.7%

You're not logged in!

Compare scores with friends on all Sporcle quizzes.
Join for Free
OR
Log In

You Might Also Like...

Show Comments

Extras

Top Quizzes Today


Score Distribution

Your Account Isn't Verified!

In order to create a playlist on Sporcle, you need to verify the email address you used during registration. Go to your Sporcle Settings to finish the process.

Report this User

Report this user for behavior that violates our Community Guidelines.

Details: